[Event "BCF-chT3 0910 (4NCL)"]
[Site "England"]
[Date "2010.03.28"]
[Round "8.6"]
[White "Driver, Nicholas"]
[Black "Asbury, Jon A"]
[Result "1-0"]
[WhiteElo "1722"]
[BlackElo "1786"]
[PlyCount "27"]
[EventDate "2009.10.24"]
[EventType "team-tourn"]
[EventRounds "11"]
[EventCountry "ENG"]
[SourceTitle "EXT 2011"]
[Source "ChessBase"]
[SourceDate "2010.11.26"]
[SourceVersion "1"]
[SourceVersionDate "2010.11.26"]
[SourceQuality "1"]
[WhiteTeam "Guildford"]
[BlackTeam "Halesowen"]
[WhiteTeamCountry "ENG"]
[BlackTeamCountry "ENG"]

1. e4 e6 2. d4 d5 3. exd5 exd5 4. c4 c6 5. Bd3 g6 6. Nc3 Bg7 7. Nge2 Nf6 8. 0-0 0-0 9. Bg5 Be6 10. Nf4 Qd7 11. cxd5 Bxd5 12. Nfxd5 cxd5 13. Qf3 Nc6 14. Bxf6 1-0